000 00595nam a2200229Ia 4500
005 20250425162132.0
008 250425s9999 xx 000 0 und d
020 _a9589279481
041 _aspa
082 _a658.023
100 _aDIETER SIGEL, HANS
245 0 _aCOLECCION PYMES: MEJORAMIENTO CONTINUO Y CALIDAD
250 _a1A ED.
260 _aCALI
260 _aColombia
_bUNIVERSIDAD ICESI/BID
_c2001
300 _a162
650 _aGESTION DE LA CALIDAD TOTAL
650 _aGESTION EMPRESARIAL
650 _aPEQUEÑAS Y MEDIANAS EMPRESAS
942 _c01
010 _a52065
999 _c223021
_d223021